000 00426nam a2200157Ia 4500
008 210716s2014 xx 000 0 und d
020 _a9789551105671
041 _aeng
082 _a658.4012 SHAS
100 _aSharan, S B.
245 _aReadings in strategic management.
250 _a1
260 _aNew Delhi
_bShroff Publishers and Distributors Pvt Ltd
_c2014
300 _aix,154,7
650 _aStrategic Management
999 _c209320
_d209320